01175cam a22002897i 4500003000700000005001700007008004100024020001800065040002100083041000800104082001900112100002800131245019400159260006700353300002400420336002600444500010300470500008600573504006700659650003300726650002300759650002100782650002700803700002800830700002000858856000700878IMU CC20260307143720.0160527s2019 nyu b 001 0 eng d a9780316380522 aIMU CCbengerda0 aeng04223a005.8bMIT aMitnick, Kevineauthor.14aThe art of invisibility :bthe world's most famous hacker teaches you how to be safe in the age of big brother and big data /cKevin Mitnick with Robert Vamosi ; foreword by Mikko Hypponen. aNew York :bBack Bay Books | Little, Brown and Company,c2019. ax, 308 p. ;c21 cm. atextbtxt2rdacontent a"Originally published in hardcover by Little, Brown and Company, February 2017"--Title page verso. a"First Back Bay Books trade paperback edition, September 2019"--Title page verso. aIncludes bibliographical references (pages 283-298) and index. 0aInternetxSecurity measures. 0aComputer security. 0aData protection. 0aSecurite informatique. aVamosi, Roberteauthor. aHypponen, Mikko yBK